LIBRARY & INFORMATION CENTRE, KCAET, TAVANUR

ONLINE PUBLIC ACCESS CATALOGUE (OPAC)

Introduction to the Indian Constitution (Record no. 11227)

MARC details
000 -LEADER
fixed length control field 00348cam a2200145ua 4500
041 ## - LANGUAGE CODE
Language code of text/sound track or separate title eng
082 ## - DEWEY DECIMAL CLASSIFICATION NUMBER
Classification number 342.02
Item number PAL/IN
100 ## - MAIN ENTRY--AUTHOR NAME
Personal name M.R. Palande, palande .
245 ## - TITLE STATEMENT
Title Introduction to the Indian Constitution
260 ## - PUBLICATION, DISTRIBUTION, ETC. (IMPRINT)
Place of publication :
Name of publisher Oxford University press ,
Year of publication 1956.
300 ## - PHYSICAL DESCRIPTION
Number of Pages 522 ; .
942 ## - ADDED ENTRY ELEMENTS (KOHA)
Koha item type Books
Holdings
Withdrawn status Lost status Damaged status Home library Current library Date acquired Full call number Accession Number Koha item type
Withdrawn     KAUAET Sanskrit University 07/04/2012 342.02 3076 Books
free website counter